Tài liệu hướng dẫn học tập nghị quyết Đại hội lần thứ IV của Đảng. Dùng cho cán bộ Trung cấp và sơ cấp / t.I :
Tallennettuna:
| Yhteisötekijä: | |
|---|---|
| Aineistotyyppi: | Sách giấy |
| Kieli: | Vietnamese |
| Julkaistu: |
H. :
Sách giáo khoa Mác - Lênin,
1977.
|
| Tagit: |
Lisää tagi
Ei tageja, Lisää ensimmäinen tagi!
|
| Thư viện lưu trữ: | Thư viện Trường Đại học Đà Lạt |
|---|
| LEADER | 00781nam a2200277 4500 | ||
|---|---|---|---|
| 001 | DLU130155103 | ||
| 005 | ##20131017 | ||
| 040 | # | # | |a DLU |b vie |
| 041 | # | # | |a vie |
| 044 | # | # | |a vn |
| 082 | # | # | |a 324.23 |b BAN |
| 110 | # | # | |a Ban Tuyên huấn Trung ương. |
| 245 | # | # | |a Tài liệu hướng dẫn học tập nghị quyết Đại hội lần thứ IV của Đảng. |n t.I : |b Dùng cho cán bộ Trung cấp và sơ cấp / |c Ban Tuyên huấn Trung ương. |
| 260 | # | # | |a H. : |b Sách giáo khoa Mác - Lênin, |c 1977. |
| 300 | # | # | |a 119 tr. ; |c 20 cm. |
| 990 | # | # | |a t.I |
| 991 | # | # | |a SH |
| 992 | # | # | |a 0,40 |
| 994 | # | # | |a DLU |
| 900 | # | # | |a True |
| 911 | # | # | |a Nguyễn Huyền Anh |
| 925 | # | # | |a G |
| 926 | # | # | |a A |
| 927 | # | # | |a SH |
| 980 | # | # | |a Thư viện Trường Đại học Đà Lạt |